Visual journalism / (Record no. 296230)
[ view plain ]
| 000 -LEADER | |
|---|---|
| fixed length control field | 01839cam a2200361 i 4500 |
| 001 - CONTROL NUMBER | |
| control field | 18448682 |
| 003 - CONTROL NUMBER IDENTIFIER | |
| control field | SISC |
| 005 - DATE AND TIME OF LATEST TRANSACTION | |
| control field | 20160711094759.0 |
| 008 - FIXED-LENGTH DATA ELEMENTS--GENERAL INFORMATION | |
| fixed length control field | 150114s2015 enk b 001 0 eng |
| 010 ## - LIBRARY OF CONGRESS CONTROL NUMBER | |
| LC control number | 2015001198 |
| 020 ## - INTERNATIONAL STANDARD BOOK NUMBER | |
| International Standard Book Number | 9780230360211 (paperback) |
| 040 ## - CATALOGING SOURCE | |
| Original cataloging agency | DLC |
| Language of cataloging | eng |
| Transcribing agency | DLC |
| Description conventions | rda |
| Modifying agency | DLC |
| 042 ## - AUTHENTICATION CODE | |
| Authentication code | pcc |
| 050 00 - LIBRARY OF CONGRESS CALL NUMBER | |
| Classification number | TR 820 |
| Item number | .M225 2015 |
| 082 00 - DEWEY DECIMAL CLASSIFICATION NUMBER | |
| Classification number | 070.4/9 |
| 084 ## - OTHER CLASSIFICATION NUMBER | |
| Classification number | PHO015000 |
| -- | SOC052000 |
| Source of number | bisacsh |
| 100 1# - MAIN ENTRY--PERSONAL NAME | |
| Personal name | Machin, David, |
| Dates associated with a name | 1966- |
| Relator term | author. |
| 245 10 - TITLE STATEMENT | |
| Title | Visual journalism / |
| Statement of responsibility, etc | by David Machin and Lydia Polzer. |
| 260 ## - PUBLICATION, DISTRIBUTION, ETC. (IMPRINT) | |
| Place of publication, distribution, etc | UK : |
| Name of publisher, distributor, etc | Palgrave, |
| Date of publication, distribution, etc | 2015. |
| 300 ## - PHYSICAL DESCRIPTION | |
| Extent | ix, 183 pages ; |
| Dimensions | 22 cm |
| 500 ## - GENERAL NOTE | |
| General note | Includes bibliographical references and index. |
| 505 8# - FORMATTED CONTENTS NOTE | |
| Formatted contents note | Machine generated contents note: -- Introduction -- 1. Photojournalism: Documenting and Symbolising Events -- 2. Magazine Design: Ideas and Attitudes Through Visual Elements -- 3. Changing Newspaper Designs for New Kinds of Markets -- 4. Design and the Digital Media Environment -- 5. Staging the News for Television -- Conclusion. |
| 520 ## - SUMMARY, ETC. | |
| Summary, etc | "A critical and up-to-date overview of visual journalism that combines academic theory with the experiences of practitioners working in the field, drawing on a diverse range of media examples, in order to analyse the significance of appearance and branding in the digital age. "-- |
| 650 #0 - SUBJECT ADDED ENTRY--TOPICAL TERM | |
| Topical term or geographic name as entry element | Photojournalism. |
| 650 #0 - SUBJECT ADDED ENTRY--TOPICAL TERM | |
| Topical term or geographic name as entry element | Journalism, Pictorial. |
| 650 #7 - SUBJECT ADDED ENTRY--TOPICAL TERM | |
| Topical term or geographic name as entry element | PHOTOGRAPHY / Photojournalism. |
| Source of heading or term | bisacsh |
| 650 #7 - SUBJECT ADDED ENTRY--TOPICAL TERM | |
| Topical term or geographic name as entry element | SOCIAL SCIENCE / Media Studies. |
| Source of heading or term | bisacsh |
| 700 1# - ADDED ENTRY--PERSONAL NAME | |
| Personal name | Polzer, Lydia. |
| 856 42 - ELECTRONIC LOCATION AND ACCESS | |
| Materials specified | Cover image |
| Uniform Resource Identifier | <a href="http://www.netread.com/jcusers2/bk1388/211/9780230360211/image/lgcover.9780230360211.jpg">http://www.netread.com/jcusers2/bk1388/211/9780230360211/image/lgcover.9780230360211.jpg</a> |
| 906 ## - LOCAL DATA ELEMENT F, LDF (RLIN) | |
| a | 7 |
| b | cbc |
| c | orignew |
| d | 1 |
| e | ecip |
| f | 20 |
| g | y-gencatlg |
| 942 ## - ADDED ENTRY ELEMENTS (KOHA) | |
| Source of classification or shelving scheme | Library of Congress Classification |
| Koha item type | Books |
| Withdrawn status | Lost status | Source of classification or shelving scheme | Damaged status | Home library | Current library | Shelving location | Date acquired | Source of acquisition | Sub Shelving location | Total Checkouts | Full call number | Barcode | Date last seen | Price effective from | Koha item type |
|---|---|---|---|---|---|---|---|---|---|---|---|---|---|---|---|
| Library of Congress Classification | College Library | College Library | Reserve Section | 07/11/2016 | Library Fund | TR 820 .M225 2015 | C20593 | 05/15/2018 | 07/11/2016 | Books |